| 000 | 00827nac a2200265 ca4500 | ||
|---|---|---|---|
| 001 | BV049036451 | ||
| 003 | DE-604 | ||
| 005 | 20231003124148.0 | ||
| 007 | t | ||
| 008 | 230705m2023uuuu |||| 00||| eng d | ||
| 035 | _a(DE-599)BVBBV049036451 | ||
| 040 |
_aDE-604 _bger _cRU-10907106 |
||
| 041 | 0 | _aeng | |
| 100 | 1 |
_aSaull, Richard _d1969- _eVerfasser _0(DE-588)173721699 _4aut _927102 |
|
| 245 | 1 | 0 |
_aCapital, race and space _cRichard Saull |
| 264 | 1 |
_aLeiden ; Boston _bBrill _c2023- |
|
| 300 | _aOnline-Ressource | ||
| 336 |
_aText _btxt _2rdacontent |
||
| 337 |
_aohne Hilfsmittel zu benutzen _bn _2rdamedia |
||
| 338 |
_aBand _bnc _2rdacarrier |
||
| 490 | 0 | _aStudies in critical social sciences | |
| 500 | _aE-Book-ProQuest / Fernzugriff nach Registrierung möglich | ||
| 500 | _aURL siehe Bände | ||
| 942 |
_2z _cEB |
||
| 999 |
_c63373 _d63373 |
||